000 00414nam a2200181Ia 4500
001 9535
005 20260306161725.0
008 260306t1996||||xx |||||||||||||| ||spa||
041 _aESP
082 _a380.973
_bZ84
100 _aZobrist, Duane H.
_eAUT
245 0 _aE.E.U.U. guía empresarial
260 _c1996
300 _a320 páginas :
_c
650 _aGEN
654 _aCAN
942 _cLIB
_dJUS
_fJUS
_2ddc
_n
999 _c9535
_d9535